The autobiography of Bertrand Russell / (Record no. 9945)
[ view plain ]
| 000 -LEADER | |
|---|---|
| fixed length control field | 00836cam a22002771 4500 |
| 001 - CONTROL NUMBER | |
| JCCL Control Number | 9945 |
| 003 - CONTROL NUMBER IDENTIFIER | |
| JCCL marc code | BD-JhCC |
| 005 - DATE AND TIME OF LATEST TRANSACTION | |
| control field | 20180404095347.0 |
| 008 - FIXED-LENGTH DATA ELEMENTS--GENERAL INFORMATION | |
| fixed length control field | 180403r19671975mauach 000 0aeng |
| 035 ## - SYSTEM CONTROL NUMBER | |
| system control number | (BD-JhCC)9945 |
| 035 ## - SYSTEM CONTROL NUMBER | |
| system control number | (OCoLC)228124 |
| 040 ## - CATALOGING SOURCE | |
| Original cataloging agency | DLC |
| Transcribing agency | OUrC |
| Modifying agency | OCoLC |
| -- | IDeKN |
| -- | IAurC |
| -- | DLC |
| -- | BD-JhCC |
| 041 ## - LANGUAGE CODE | |
| Language code of Book | eng |
| 050 00 - LIBRARY OF CONGRESS CALL NUMBER | |
| Classification number | B1649.R94 |
| Item number | A33 |
| 082 ## - DEWEY DECIMAL CLASSIFICATION NUMBER | |
| Classification number | 828/.9/1203 |
| Author mark and Year | RUS 1967 |
| 100 1# - MAIN ENTRY--PERSONAL NAME | |
| Personal name | Russell, Bertrand, |
| Dates associated with a name | 1872-1970. |
| 245 14 - TITLE STATEMENT | |
| Title | The autobiography of Bertrand Russell / |
| Statement of responsibility, etc | Bertrand Russell, |
| 250 ## - EDITION STATEMENT | |
| Edition statement | [1st American ed.] |
| 260 ## - PUBLICATION, DISTRIBUTION, ETC. (IMPRINT) | |
| Place of publication, distribution, etc | Boston : |
| Name of publisher, distributor, etc | Little, Brown, |
| Date of publication, distribution, etc | 1967. |
| 300 ## - PHYSICAL DESCRIPTION | |
| Pagination | 750 p. : |
| Other physical details | illus., facsim., ports. |
| Dimensions | 24 cm. |
| 500 ## - GENERAL NOTE | |
| General note | "An Atlantic Monthly Press book." |
| 505 0# - FORMATTED CONTENTS NOTE | |
| Formatted contents note | [1] 1872-1914.--[2] 1914-1944. |
| 600 10 - SUBJECT ADDED ENTRY--PERSONAL NAME | |
| Personal name | Russell, Bertrand, |
| Dates associated with a name | 1872-1970 |
| 942 ## - ADDED ENTRY ELEMENTS (KOHA) | |
| Source of classification or shelving scheme | Dewey Decimal Classification |
| Koha item type | Reference |
| Source of classification or shelving scheme | Damaged status | Not for loan | Home library | Current library | Shelving location | Date of accession | Total Checkouts | Full call number | Barcode | Date last seen | Copy number | Koha item type |
|---|---|---|---|---|---|---|---|---|---|---|---|---|
| Dewey Decimal Classification | JCC Rouf Library | JCC Rouf Library | General Stacks | 04/03/2018 | 828/.9/1203 RUS 1967 | 13345 | 04/03/2018 | C-1 | Reference |